01347nam a2200313Ia 4500001001000000003000500010008004100015010001100056040000900067090001700076100004400093245019100137260010300328300001000431440003700441650004200478700004500520700003300565710006500598901001700663902000600680905006300686910000900749942000900758942001300767999001900780952011800799952011600917Para_9222CHAP220125s2003 xx 000 0 und d a207961 cCHAP aFOLLETO 3519 aSánchez Vélez, Alejandro S.9107932 aLa cuenca hidrográfica :b unidad básica de planeación y manejo de recursos naturales /c por Alejandro S. Sánchez Vélez, Rosa María García Núñez y Adolfo Palma Trujano aMéxico, D.F. :b SEMARNAT. Centro de educación y capacitación para el desarrollo sustentable a47 p. aAlternativas productivas9130989 aRecursos naturales x conservación aGarcía Núñez, Rosa María 946382 aPalma Trujano, Adolfo984962 aSecretaría del Medio Ambiente y Recursos Naturales9174407 aFOLLETO 3519 aM a0000002003 a 0000000000 00 a2003 cPARA cPARAd14 c207961d207961 00102local40708FOLLaPAbPAc12d2006-11-16fPARAl0pPA_09028-2r2022-01-25 00:00:00t2w2022-01-25yFOLLz3 00102local40708FOLLaPAbPAc12d2006-11-16fPARAl0pPA_09028r2022-01-25 00:00:00t1w2022-01-25yFOLLz3